[Event "SR 3. liga A2 2018/2019"]
[Site "?"]
[Date "2018.11.25"]
[Round "4.2"]
[White "Liptak, Tomas"]
[Black "Merva, Frantisek"]
[Result "1-0"]
[WhiteElo "2196"]
[BlackElo "2088"]
[PlyCount "153"]
[EventDate "2018.??.??"]

1. e4 e5 2. Nf3 Nc6 3. Bb5 a6 4. Ba4 Nf6 5. O-O b5 6. Bb3 Be7 7. Re1 O-O 8. h3
d6 9. c3 Bb7 10. d4 Nb8 11. Nbd2 Nbd7 12. Bc2 Re8 13. Nf1 Bf8 14. Ng3 g6 15.
Bd3 c5 16. b3 Qc7 17. d5 c4 18. bxc4 bxc4 19. Bf1 Qa5 20. Qc2 Rec8 21. Rb1 Rab8
22. Bd2 Ba8 23. Rxb8 Nxb8 24. Rb1 Nbd7 25. Rb4 Nb6 26. Qb2 Nfd7 27. Be3 Nxd5
28. exd5 Bxd5 29. Nd2 Be6 30. Nxc4 Qd5 31. a3 Qc6 32. Nb6 Nxb6 33. Rxb6 Qxc3
34. Qxc3 Rxc3 35. Rxa6 d5 36. a4 Kg7 37. Bb5 d4 38. Bd2 Rc2 39. Nf1 e4 40. Rc6
Ra2 41. Bc4 Rxa4 42. Bxe6 fxe6 43. Rxe6 e3 44. fxe3 dxe3 45. Bxe3 Kf7 46. Rb6
Bg7 47. Rb7+ Kg8 48. Rd7 Ra2 49. Nd2 Ra8 50. Kf2 Rf8+ 51. Ke2 Ra8 52. Ne4 Re8
53. Kd3 Ra8 54. Nd6 Rf8 55. Ke4 Ra8 56. g4 Rf8 57. Bg5 Ra8 58. Kf4 Rf8+ 59. Ke4
Ra8 60. Bd8 Ra3 61. h4 Ra4+ 62. Kf3 Ra8 63. Ne8 Ra3+ 64. Ke2 Ra2+ 65. Kd3 Ra3+
66. Kc2 Be5 67. Nf6+ Bxf6 68. Bxf6 Ra4 69. Bd4 Ra2+ 70. Kd3 Rg2 71. g5 Rg3+ 72.
Ke2 Rg4 73. Bf2 Ra4 74. Bd4 Rc4 75. Ke3 Ra4 76. Rg7+ Kf8 77. Rxh7 1-0

[Event "SR 3. liga A2 2018/2019"]
[Site "?"]
[Date "2018.11.25"]
[Round "4.2"]
[White "Csuri, Szilveszter"]
[Black "Kovacocy, Pavol"]
[Result "0-1"]
[WhiteElo "1987"]
[BlackElo "2266"]
[PlyCount "50"]
[EventDate "2018.??.??"]

1. e4 c5 2. Nf3 g6 3. d4 cxd4 4. Nxd4 Nc6 5. Be3 Nf6 6. Nc3 Bg7 7. Be2 O-O 8.
Qd2 d5 9. Nxc6 bxc6 10. e5 Ng4 11. Bxg4 Bxg4 12. h3 Be6 13. Bd4 Qc7 14. f4 c5
15. Bg1 d4 16. Nd1 f6 17. exf6 Rxf6 18. Nf2 Qxf4 19. Qxf4 Rxf4 20. Bh2 Rf5 21.
O-O Raf8 22. a3 Bh6 23. Ng4 Rxf1+ 24. Rxf1 Bxg4 25. hxg4 Be3+ 0-1

[Event "SR 3. liga A2 2018/2019"]
[Site "?"]
[Date "2018.11.25"]
[Round "4.2"]
[White "Sarmir, Milos"]
[Black "Vegh, Vince"]
[Result "1-0"]
[WhiteElo "2071"]
[BlackElo "1930"]
[PlyCount "63"]
[EventDate "2018.??.??"]

1. e4 c5 2. Nf3 Nc6 3. d4 cxd4 4. Nxd4 e5 5. Nxc6 bxc6 6. Bd3 Nf6 7. O-O Be7 8.
c4 h6 9. Nc3 Bc5 10. b3 O-O 11. Bb2 Bd4 12. Qc2 d6 13. Ne2 c5 14. Rad1 Bg4 15.
Bxd4 Bxe2 16. Qxe2 cxd4 17. Rc1 Qb6 18. Kh1 Nd7 19. f4 a5 20. Qg4 Nc5 21. Rf3
f6 22. Bc2 Qb7 23. f5 a4 24. Rg3 Qf7 25. b4 Na6 26. a3 Nb8 27. Bd3 Ra7 28. c5
Qe8 29. cxd6 Kh7 30. Rc7 Rf7 31. Qg6+ Kg8 32. Rxa7 1-0

[Event "SR 3. liga A2 2018/2019"]
[Site "?"]
[Date "2018.11.25"]
[Round "4.2"]
[White "Fekete, Robert"]
[Black "Vagovsky, Jozef"]
[Result "1-0"]
[WhiteElo "1877"]
[BlackElo "1788"]
[PlyCount "35"]
[EventDate "2018.??.??"]

1. e4 e6 2. d4 d5 3. exd5 exd5 4. Bd3 c5 5. dxc5 Bxc5 6. Nf3 Nc6 7. O-O Nge7 8.
Bf4 O-O 9. Nc3 Bg4 10. Bxh7+ Kh8 11. Bd3 Nd4 12. Be2 Ne6 13. Bg3 Bb4 14. Nb5 a6
15. Nbd4 Nc7 16. Ng5 Bxe2 17. Qxe2 Nc6 18. Qh5+ 1-0

[Event "SR 3. liga A2 2018/2019"]
[Site "?"]
[Date "2018.11.25"]
[Round "4.2"]
[White "Markuliak, Mario"]
[Black "Sarkozi, Szabolcs"]
[Result "1-0"]
[WhiteElo "1829"]
[BlackElo "1941"]
[PlyCount "109"]
[EventDate "2018.??.??"]

1. c4 g6 2. Nc3 Bg7 3. g3 d6 4. Bg2 e5 5. Nf3 Nd7 6. d4 Ngf6 7. O-O O-O 8. Qc2
Re8 9. Bg5 c6 10. Rad1 Qe7 11. b4 h6 12. Bc1 e4 13. Nd2 d5 14. c5 Nf8 15. Nb3
Bf5 16. Be3 Ng4 17. Qc1 Bf6 18. h3 Nxe3 19. Qxe3 Bg5 20. f4 exf3 21. Qxe7 Rxe7
22. Rxf3 Bc2 23. Rdf1 Bxb3 24. axb3 Be3+ 25. Kh2 Bxd4 26. Nd1 Rae8 27. e3 Bg7
28. R3f2 Ne6 29. h4 h5 30. e4 dxe4 31. Bxe4 Nd4 32. Bd3 f5 33. Bc4+ Kh7 34. Nb2
Re3 35. Nd1 Re1 36. Kg2 Rxf1 37. Kxf1 Re4 38. Kg2 Ne6 39. Ra2 a6 40. Nf2 Re3
41. Rd2 Nd4 42. Nd3 Bh6 43. Rd1 Re2+ 44. Nf2 Be3 45. Bxe2 Nxe2 46. Kf3 Bxf2 47.
Kxf2 Nc3 48. Rd7+ Kg8 49. Rxb7 Ne4+ 50. Kf3 a5 51. bxa5 Nxc5 52. Rb6 Ne6 53. a6
Kf8 54. a7 Nc7 55. Rxc6 1-0

[Event "SR 3. liga A2 2018/2019"]
[Site "?"]
[Date "2018.11.25"]
[Round "4.2"]
[White "Meszaros, Lorant"]
[Black "Vlkovic, Pavol"]
[Result "1-0"]
[WhiteElo "1934"]
[BlackElo "1829"]
[PlyCount "46"]
[EventDate "2018.??.??"]

1. d4 g6 2. c4 Bg7 3. e4 d6 4. Nc3 f5 5. Nf3 fxe4 6. Nxe4 Bf5 7. Ng3 Qd7 8.
Nxf5 Qxf5 9. Bd3 Qd7 10. O-O Nc6 11. Be3 Nh6 12. d5 Nb4 13. Bd4 Bxd4 14. Nxd4
Nxd3 15. Qxd3 Qg4 16. Rae1 Kd7 17. Qe3 Rae8 18. h3 Qh5 19. Ne6 Nf5 20. Qxa7 Rb8
21. Qa4+ b5 22. cxb5 Ra8 23. Qc2 c5 1-0

[Event "SR 3. liga A2 2018/2019"]
[Site "?"]
[Date "2018.11.25"]
[Round "4.2"]
[White "Hornak, Pavol"]
[Black "Both, Lajos"]
[Result "1/2-1/2"]
[WhiteElo "1753"]
[BlackElo "1805"]
[PlyCount "120"]
[EventDate "2018.??.??"]

1. d4 Nf6 2. c4 g6 3. Nc3 d5 4. e3 Bg7 5. b3 c5 6. Nf3 cxd4 7. Nxd4 O-O 8. Qc2
e5 9. Nf3 Bf5 10. Qd2 Ne4 11. Nxe4 Bxe4 12. Bb2 Bxf3 13. gxf3 d4 14. O-O-O Nc6
15. e4 a5 16. a3 Qh4 17. Kb1 Bh6 18. Qc2 Rfc8 19. Bc1 Bxc1 20. Rxc1 Nd8 21. Bd3
Ne6 22. Rcg1 Nf4 23. Rg4 Qe7 24. Kb2 b5 25. Rc1 Rc5 26. Qd2 Qc7 27. Rgg1 Rc8
28. Bf1 Qd8 29. b4 axb4 30. axb4 R5c7 31. c5 Rb8 32. Ra1 Qh4 33. Rh1 Qf6 34.
Ra5 Qc6 35. Qc1 Rd7 36. Qa1 Rdd8 37. Ra6 Qe8 38. c6 Rdc8 39. Qc1 Qe7 40. Qc5
Qxc5 41. bxc5 Rc7 42. Kb3 d3 43. Kc3 b4+ 44. Kd2 b3 45. Rb6 Rxb6 46. cxb6 Rxc6
47. b7 Rb6 48. Bxd3 Nxd3 49. Kxd3 Rxb7 50. Rb1 b2 51. Kc2 Kg7 52. Rxb2 Rxb2+
53. Kxb2 Kf6 54. Kc3 Kg5 55. Kc4 Kf4 56. Kd5 h5 57. Kd6 g5 58. Ke7 Kxf3 59.
Kxf7 Kxe4 60. Kg6 Kf4 1/2-1/2

[Event "SR 3. liga A2 2018/2019"]
[Site "?"]
[Date "2018.11.25"]
[Round "4.2"]
[White "Rozsas, Daniel"]
[Black "Kavuljak, Alojz"]
[Result "1-0"]
[WhiteElo "1745"]
[BlackElo "1671"]
[PlyCount "153"]
[EventDate "2018.??.??"]

1. e4 d6 2. d4 g6 3. Nf3 Bg7 4. Bc4 e6 5. O-O Ne7 6. c3 O-O 7. Be3 d5 8. Bd3
dxe4 9. Bxe4 Nf5 10. Bg5 Bf6 11. Bxf6 Qxf6 12. Qb3 Nd6 13. Bd3 Nd7 14. Nbd2 Nb6
15. Ne5 Qd8 16. Rfe1 Bd7 17. Qd1 Nd5 18. Qf3 c6 19. h4 Be8 20. h5 Qf6 21. Qxf6
Nxf6 22. hxg6 hxg6 23. Nb3 Nd7 24. Na5 Rb8 25. Nac4 Nxc4 26. Nxc4 Nf6 27. Re5
Nd5 28. g3 Bd7 29. Rg5 Kg7 30. Ne5 Be8 31. Rg4 Nf6 32. Rf4 Nd7 33. Re1 Nxe5 34.
dxe5 c5 35. Kf1 Bc6 36. Be4 Bb5+ 37. Kg2 b6 38. b3 Rfd8 39. c4 Ba6 40. Re2 Rd4
41. Rf3 Rbd8 42. Bc6 Bc8 43. Rfe3 Bd7 44. Be4 Be8 45. Kf3 Kh6 46. Rc3 Kg5 47.
Ke3 a5 48. Rd3 Rxd3+ 49. Bxd3 Bc6 50. Kd2 Rd4 51. Kc3 Kg4 52. Re3 Kg5 53. Be2
Kf5 54. Bf3 Be4 55. Bxe4+ Rxe4 56. Rf3+ Kxe5 57. Rxf7 Rd4 58. f4+ Ke4 59. Rf6
Rd3+ 60. Kb2 Rxg3 61. Rxe6+ Kxf4 62. Rxb6 Rg2+ 63. Ka3 a4 64. Rc6 axb3 65. Kxb3
Rg3+ 66. Ka4 Rg5 67. Kb5 Re5 68. Rxg6 Ke4 69. Rd6 Re8 70. Kxc5 Ra8 71. Rd2 Ke3
72. Rh2 Kd3 73. Rh3+ Ke4 74. a3 Ra4 75. Kb5 Ra8 76. c5 Kd5 77. Rh5+ 1-0

[Event "SR 3. liga A2 2018/2019"]
[Site "?"]
[Date "2018.11.25"]
[Round "4.3"]
[White "Nicolini, Alexander"]
[Black "Koutny, Petr"]
[Result "1/2-1/2"]
[WhiteElo "2142"]
[BlackElo "2228"]
[PlyCount "172"]
[EventDate "2018.??.??"]

1. e4 c5 2. Nf3 e6 3. c3 Nf6 4. e5 Nd5 5. d4 cxd4 6. cxd4 d6 7. Nc3 Nxc3 8.
bxc3 Qc7 9. Bd2 Nd7 10. exd6 Bxd6 11. Bd3 b6 12. O-O Bb7 13. Qe2 O-O 14. h3 Bf4
15. Bxf4 Qxf4 16. Qe3 Qd6 17. Rfd1 Rac8 18. a4 Bd5 19. Bb5 Rc7 20. a5 Rfc8 21.
Rdc1 Bc4 22. Bxd7 Qxd7 23. axb6 axb6 24. Ne5 Qd5 25. h4 Qd8 26. Qg3 Bd5 27. Ra3
b5 28. Rca1 f6 29. Ng4 Kh8 30. h5 h6 31. Qe3 Qf8 32. Nh2 Qf7 33. Qh3 Qe7 34.
Qe3 Qe8 35. Qh3 Qc6 36. Nf1 Qd6 37. Qe3 b4 38. cxb4 Qxb4 39. Ng3 Qb7 40. f3 Qb2
41. Re1 Rc4 42. Rd3 Rc2 43. Re2 R8c4 44. Rdd2 Qc1+ 45. Kh2 R2c3 46. Qf4 Rc8 47.
Qd6 Qa3 48. Qf4 Qa7 49. Re1 Qc7 50. Qg4 Rb8 51. Kg1 Rc4 52. Ne2 e5 53. Qf5 Qb6
54. Kh2 Be6 55. Qg6 Qd6 56. Qg3 Rd8 57. Red1 Qb4 58. Qf2 Bf7 59. Qe3 exd4 60.
Rxd4 Rcxd4 61. Rxd4 Rxd4 62. Qxd4 Qxd4 63. Nxd4 Bxh5 64. g4 Be8 65. f4 g6 66.
Kg3 Bd7 67. g5 Kg7 68. gxh6+ Kxh6 69. Kh4 Kg7 70. Kg3 Kf7 71. Kf3 Ke7 72. Ke3
Kd6 73. Nf3 Kd5 74. Nh4 Be8 75. Nf3 Ba4 76. Nd4 Bd1 77. Nb5 Bh5 78. Nd4 Kc4 79.
Ne6 Kc3 80. Nc7 Kc2 81. Nd5 f5 82. Kd4 Kd2 83. Ke5 Ke2 84. Ne7 Kf3 85. Nxf5
gxf5 86. Kxf5 Bg4+ 1/2-1/2

[Event "SR 3. liga A2 2018/2019"]
[Site "?"]
[Date "2018.11.25"]
[Round "4.3"]
[White "Hrubsa, Marian"]
[Black "Kolenak, Matus"]
[Result "0-1"]
[WhiteElo "1931"]
[BlackElo "1966"]
[PlyCount "102"]
[EventDate "2018.??.??"]

1. e4 c5 2. Nf3 d6 3. d4 cxd4 4. Nxd4 Nf6 5. Nc3 a6 6. Be2 e6 7. Be3 Be7 8. O-O
O-O 9. Qe1 b5 10. a3 Bb7 11. f3 Nbd7 12. Qg3 Kh8 13. Rad1 Rc8 14. Nb3 Qc7 15.
Bd3 d5 16. Qh3 Nc5 17. Nxc5 Bxc5 18. Bxc5 Qxc5+ 19. Kh1 dxe4 20. fxe4 Qe5 21.
Rde1 Rcd8 22. Qh4 h6 23. Rf3 Rd4 24. Ref1 Bxe4 25. Nxe4 Nxe4 26. Rxf7 Rxf7 27.
Rxf7 Kg8 28. Rf1 Nd2 29. Re1 Rxh4 30. Rxe5 Kf7 31. Kg1 Rf4 32. b3 Nb1 33. c4
Nxa3 34. c5 Rd4 35. Re3 Rd5 36. c6 Rc5 37. Be4 b4 38. Rd3 Nb5 39. Rd7+ Kf6 40.
Kf2 Rc3 41. Rd8 Ke5 42. Bf3 Rxb3 43. Rd7 Rc3 44. Rd1 b3 45. Re1+ Kd6 46. Rd1+
Kc5 47. Be4 Kb6 48. Rb1 a5 49. Ra1 Rc4 50. Ke3 b2 51. Rb1 Rxe4+ 0-1

[Event "SR 3. liga A2 2018/2019"]
[Site "?"]
[Date "2018.11.25"]
[Round "4.3"]
[White "Sturdik, Igor"]
[Black "Londin, Martin"]
[Result "1/2-1/2"]
[WhiteElo "1955"]
[BlackElo "1923"]
[PlyCount "48"]
[EventDate "2018.??.??"]

1. e4 b6 2. d4 Bb7 3. Nc3 e6 4. Nf3 Bb4 5. Bd3 Nf6 6. Qe2 d5 7. exd5 Nxd5 8.
Bd2 Nxc3 9. bxc3 Be7 10. O-O Nd7 11. Rfe1 O-O 12. a4 c5 13. a5 Bf6 14. axb6
axb6 15. Be4 Qc7 16. Bxb7 Qxb7 17. Qb5 Qc7 18. h3 Rfd8 19. Qb3 Qc6 20. Bg5 Rxa1
21. Rxa1 Bxg5 22. Nxg5 h6 23. Nf3 Ra8 24. Rb1 Ra5 1/2-1/2

[Event "SR 3. liga A2 2018/2019"]
[Site "?"]
[Date "2018.11.25"]
[Round "4.3"]
[White "Harastova, Viera"]
[Black "Mosny, Jaroslav"]
[Result "1/2-1/2"]
[WhiteElo "1831"]
[BlackElo "1905"]
[PlyCount "42"]
[EventDate "2018.??.??"]

1. d4 Nf6 2. c4 c5 3. Nf3 e6 4. Nc3 d5 5. Bg5 Be7 6. e3 O-O 7. Be2 b6 8. cxd5
exd5 9. dxc5 bxc5 10. O-O Bb7 11. Qb3 Qb6 12. Qc2 Nbd7 13. Rac1 Rac8 14. Rfd1
Rfd8 15. Rd2 Qe6 16. Bd3 g6 17. Qd1 Kg7 18. Ne2 Nh5 19. Bxe7 Qxe7 20. Ng3 Nxg3
21. hxg3 Ne5 1/2-1/2

[Event "SR 3. liga A2 2018/2019"]
[Site "?"]
[Date "2018.11.25"]
[Round "4.3"]
[White "Bahna, Jan"]
[Black "Vach, Jozef"]
[Result "1/2-1/2"]
[WhiteElo "1829"]
[BlackElo "1696"]
[PlyCount "89"]
[EventDate "2018.??.??"]

1. e4 e5 2. Nf3 Nc6 3. Bb5 a6 4. Ba4 Nf6 5. O-O d6 6. Re1 Bg4 7. c3 b5 8. Bc2
Be7 9. d3 O-O 10. Nbd2 Re8 11. Nf1 Nb8 12. a4 Nbd7 13. Ng3 c5 14. h3 Bxf3 15.
Qxf3 Qc7 16. Nf5 Bf8 17. Bg5 g6 18. Nh6+ Kg7 19. g4 Be7 20. axb5 axb5 21. Bb3
c4 22. dxc4 bxc4 23. Ba4 Rf8 24. Qe3 Nb6 25. Bc2 Ng8 26. Nxg8 Bxg5 27. Qxg5
Rxg8 28. Qe3 Rxa1 29. Rxa1 Ra8 30. Rxa8 Nxa8 31. b3 cxb3 32. Bxb3 Qb6 33. Qxb6
Nxb6 34. f3 Nd7 35. Kf2 g5 36. Kg3 h6 37. h4 Kf6 38. h5 Ke7 39. Kf2 f6 40. Ke3
Nc5 41. Bc2 Kd7 42. Bd3 Kc6 43. Bc4 Na4 44. Kd2 Kc5 45. Bf7 1/2-1/2

[Event "SR 3. liga A2 2018/2019"]
[Site "?"]
[Date "2018.11.25"]
[Round "4.3"]
[White "Harasta, Marian"]
[Black "Krist, Milan"]
[Result "1/2-1/2"]
[WhiteElo "1657"]
[BlackElo "1783"]
[PlyCount "82"]
[EventDate "2018.??.??"]

1. d4 d5 2. c4 e5 3. dxe5 d4 4. Nf3 c5 5. Bg5 Be7 6. Bxe7 Nxe7 7. e3 Qa5+ 8.
Qd2 Qxd2+ 9. Nbxd2 dxe3 10. fxe3 Nbc6 11. a3 Ng6 12. Ne4 O-O 13. Be2 b6 14. O-O
Ncxe5 15. Nd6 Be6 16. b3 h6 17. Rad1 Rad8 18. Nb5 a5 19. Nc3 Ng4 20. e4 Ne3 21.
Rxd8 Rxd8 22. Rc1 Nf4 23. Bf1 Nxf1 24. Rxf1 Rd3 25. Nd5 Nxd5 26. exd5 Bc8 27.
Re1 Kf8 28. Rb1 Ke7 29. b4 axb4 30. axb4 Rc3 31. bxc5 bxc5 32. Rb8 Kd7 33. Ne5+
Kc7 34. Rb5 Ba6 35. Ra5 Kb6 36. Ra4 f6 37. Nd7+ Kc7 38. Nxf6 Bxc4 39. Ne8+ Kd8
40. Nxg7 Bxd5 41. Nf5 Rc2 1/2-1/2

[Event "SR 3. liga A2 2018/2019"]
[Site "?"]
[Date "2018.11.25"]
[Round "4.3"]
[White "Klanica, Anton"]
[Black "Danihel, Jozef"]
[Result "1-0"]
[WhiteElo "1794"]
[BlackElo "1516"]
[PlyCount "138"]
[EventDate "2018.??.??"]

1. e4 d5 2. exd5 Nf6 3. Nc3 Nxd5 4. Nxd5 Qxd5 5. Qf3 Qxf3 6. Nxf3 a6 7. Bc4 e6
8. d4 Bd6 9. Bd3 Bd7 10. Be4 Bc6 11. Bxc6+ Nxc6 12. c3 h6 13. Be3 Ne7 14. O-O
O-O 15. Nd2 c6 16. Ne4 Bc7 17. Nc5 b6 18. Nd3 Rfd8 19. Rad1 Rd7 20. Nb4 a5 21.
Nc2 Rad8 22. Rb1 Nf5 23. g3 e5 24. dxe5 Nxe3 25. Nxe3 Bxe5 26. Rfe1 Bf6 27.
Red1 Rd2 28. Rxd2 Rxd2 29. Nc4 Rd8 30. Nxb6 Rb8 31. Na4 Rb5 32. Rd1 h5 33. Rd6
c5 34. Rd5 Be7 35. Kf1 g6 36. Rd7 Kf8 37. Rd5 f5 38. b3 Kf7 39. c4 Ke6 40. f4
Rb8 41. Ke2 h4 42. Kf3 hxg3 43. hxg3 Rc8 44. Rd1 Bf6 45. g4 Bd4 46. Rh1 fxg4+
47. Kxg4 Bg7 48. Rh7 Kf7 49. Rh2 Rc6 50. Rd2 Bd4 51. Re2 Rf6 52. Re1 Rc6 53.
Rh1 Kg7 54. Rh3 Re6 55. Rh2 Re4 56. Nb6 Bf6 57. Kf3 Rd4 58. Nd5 Rd3+ 59. Kg4
Bd8 60. Rg2 Rd4 61. Kf3 Kf7 62. Ne3 Bc7 63. Nd5 Bd6 64. Ke3 Rd1 65. Rd2 Re1+
66. Re2 Rd1 67. Nc3 Rh1 68. Ke4 Rh4 69. Kd5 Bc7 1-0

[Event "SR 3. liga A2 2018/2019"]
[Site "?"]
[Date "2018.11.25"]
[Round "4.3"]
[White "Romanova, Ela"]
[Black "Suchan, Jozef"]
[Result "0-1"]
[WhiteElo "1337"]
[BlackElo "1750"]
[PlyCount "64"]
[EventDate "2018.??.??"]

1. e4 e5 2. Nf3 Nc6 3. Bc4 Nf6 4. d3 Bc5 5. Bg5 O-O 6. Nc3 Be7 7. Qd2 d6 8.
O-O-O a6 9. a3 b5 10. Bb3 b4 11. axb4 Nxb4 12. h4 a5 13. Rdg1 Bd7 14. Bxf6 Bxf6
15. g4 Be6 16. Ba4 c6 17. g5 Be7 18. h5 g6 19. Qe2 Kg7 20. Qf1 Qb6 21. b3 Na6
22. Rh2 Rh8 23. h6+ Kf8 24. Qd1 Nc5 25. d4 Nxa4 26. Nxa4 Qb4 27. dxe5 dxe5 28.
Qd3 Rd8 29. Qe3 Qa3+ 30. Kb1 Rb8 31. Nd2 Qxa4 32. Qa7 Qb5 0-1

[Event "SR 3. liga A2 2018/2019"]
[Site "?"]
[Date "2018.11.25"]
[Round "4.4"]
[White "Takacs, Laszlo"]
[Black "Sebesta, Radovan"]
[Result "1-0"]
[WhiteElo "2275"]
[BlackElo "1989"]
[PlyCount "43"]
[EventDate "2018.??.??"]

1. e4 e6 2. d4 d5 3. Nc3 Nf6 4. e5 Nfd7 5. Nce2 c5 6. c3 Nc6 7. Nf3 Be7 8. h4
f6 9. Nf4 Nf8 10. exf6 gxf6 11. Bd3 Bd7 12. Ne5 Nxe5 13. dxe5 Qb6 14. Qh5+ Kd8
15. exf6 Bd6 16. Qf7 Bxf4 17. Bxf4 c4 18. Qg7 cxd3 19. Qxh8 Qc5 20. O-O Be8 21.
b4 Ng6 22. Qxh7 1-0

[Event "SR 3. liga A2 2018/2019"]
[Site "?"]
[Date "2018.11.25"]
[Round "4.4"]
[White "Palka, Miroslav"]
[Black "Cibulka, Vladimir"]
[Result "1/2-1/2"]
[WhiteElo "1937"]
[BlackElo "2122"]
[PlyCount "129"]
[EventDate "2018.??.??"]

1. c4 e6 2. g3 d5 3. Bg2 c6 4. cxd5 exd5 5. Nf3 Nf6 6. O-O Bd6 7. b3 O-O 8. Bb2
Re8 9. d3 Nbd7 10. Re1 Ne5 11. Nbd2 Nxf3+ 12. Nxf3 Bb4 13. Rf1 Bg4 14. h3 Bh5
15. g4 Bg6 16. Ne5 Bd6 17. Nxg6 hxg6 18. Qd2 Qe7 19. e3 Rad8 20. Rac1 g5 21.
Bxf6 Qxf6 22. Qc3 Qe7 23. d4 g6 24. Qd3 Kg7 25. Rfe1 Bb4 26. Re2 Qd7 27. f4
gxf4 28. exf4 Rxe2 29. Qxe2 Re8 30. Qf2 Qe7 31. f5 gxf5 32. gxf5 Qe3 33. Rd1
Kf6 34. Qxe3 Rxe3 35. Kf2 Re8 36. Kf3 Kxf5 37. Bf1 Re1 38. Rxe1 Bxe1 39. h4
Bxh4 40. Bh3+ Kf6 41. Bc8 Ke7 42. Bxb7 Kd6 43. Bc8 Kc7 44. Bf5 Kb6 45. Ke3 a5
46. Kd3 Be7 47. Bd7 Ba3 48. Kc3 f6 49. Bf5 Kc7 50. Kd3 Kd6 51. Bg4 Bb2 52. Bh3
c5 53. dxc5+ Kxc5 54. Be6 Kd6 55. Bg4 Ke5 56. Bf3 f5 57. Bg2 d4 58. Bc6 Kf4 59.
a3 Ke5 60. b4 Kd6 61. Be8 Bxa3 62. bxa5 Bc5 63. Ke2 Kd5 64. Kf3 Ke5 65. Bb5
1/2-1/2

[Event "SR 3. liga A2 2018/2019"]
[Site "?"]
[Date "2018.11.25"]
[Round "4.4"]
[White "Bugar, Peter"]
[Black "Skapikova, Lubica"]
[Result "1/2-1/2"]
[WhiteElo "2008"]
[BlackElo "1876"]
[PlyCount "108"]
[EventDate "2018.??.??"]

1. c4 e5 2. g3 Nf6 3. Bg2 d6 4. Nc3 Be7 5. Nf3 O-O 6. O-O c6 7. e4 Na6 8. d4
exd4 9. Nxd4 Qc7 10. a3 Nc5 11. b4 Ne6 12. Nf5 Nd8 13. Nxe7+ Qxe7 14. Qd3 Ne6
15. Rd1 Rd8 16. f4 a5 17. Be3 axb4 18. axb4 Rxa1 19. Rxa1 c5 20. b5 b6 21. f5
Nf8 22. Rd1 Ne8 23. Bf4 Bb7 24. e5 Bxg2 25. Kxg2 g5 26. Nd5 Qb7 27. Bxg5 Rd7
28. Kg1 dxe5 29. Qe2 Qb8 30. Bf6 Rxd5 31. Rxd5 Nxf6 32. Rxe5 N8d7 33. Re7 Qd6
34. g4 Qd4+ 35. Kh1 Nxg4 36. Rxd7 Nf2+ 37. Kg2 Qxd7 38. Qxf2 f6 39. Qf4 Kg7 40.
Qe4 Qd2+ 41. Kg3 Qd6+ 42. Kh3 Qd7 43. Kg4 Qd1+ 44. Kh4 Qd7 45. Kh5 Qf7+ 46. Kg4
Qd7 47. h4 Qd1+ 48. Qf3 Qd4+ 49. Qf4 Qd1+ 50. Kh3 Qh1+ 51. Kg4 Qd1+ 52. Kg3
Qg1+ 53. Kf3 Qd1+ 54. Ke3 Qe1+ 1/2-1/2

[Event "SR 3. liga A2 2018/2019"]
[Site "?"]
[Date "2018.11.25"]
[Round "4.4"]
[White "Lanik, Miroslav"]
[Black "Rachela, Jozef"]
[Result "0-1"]
[WhiteElo "1846"]
[BlackElo "2028"]
[PlyCount "102"]
[EventDate "2018.??.??"]

1. e4 e5 2. d4 exd4 3. Qxd4 Nc6 4. Qe3 g6 5. Nc3 Bg7 6. Bd2 Nge7 7. O-O-O d6 8.
Bc4 Ne5 9. Bb3 N7c6 10. f3 Na5 11. h4 Nac4 12. Bxc4 Nxc4 13. Qd3 Nxd2 14. Qxd2
Be6 15. Nge2 Qf6 16. Qd4 O-O 17. Qxf6 Bxf6 18. g4 a6 19. Nd5 Bxd5 20. Rxd5 Rfe8
21. h5 Re7 22. c3 Rae8 23. Kd1 Re5 24. Nf4 Bd8 25. Re1 Kg7 26. Re2 Bg5 27. Rxe5
dxe5 28. Nh3 Rd8+ 29. Kc2 Be7 30. hxg6 hxg6 31. Nf2 Rh8 32. Nd3 Bd6 33. Rf2 Rh1
34. Kd2 f6 35. a3 a5 36. c4 b6 37. Kc2 Kh6 38. Kd2 Kg5 39. Ke2 Kh4 40. Rf1 Rxf1
41. Kxf1 Kg3 42. Ke2 a4 43. Ke3 c6 44. Ke2 Bf8 45. Nf2 Bc5 46. Nd1 Bd4 47. Nc3
Bxc3 48. bxc3 g5 49. Ke3 c5 50. Ke2 Kg2 51. Ke3 Kf1 0-1

[Event "SR 3. liga A2 2018/2019"]
[Site "?"]
[Date "2018.11.25"]
[Round "4.4"]
[White "Matis, Tibor"]
[Black "Huska, Branislav"]
[Result "1-0"]
[WhiteElo "1835"]
[BlackElo "1821"]
[PlyCount "71"]
[EventDate "2018.??.??"]

1. e4 c5 2. Nf3 d6 3. d4 cxd4 4. Nxd4 Nf6 5. Nc3 a6 6. Be2 e5 7. Nb3 Be7 8. O-O
O-O 9. a4 b6 10. f4 Bb7 11. Bf3 Nbd7 12. f5 Qc7 13. Qe1 Rfd8 14. g4 Nc5 15. g5
Nxb3 16. gxf6 Nxa1 17. fxe7 Qxe7 18. Qg3 f6 19. Qf2 Rac8 20. Be3 Nxc2 21. Qxc2
d5 22. Qb3 Kh8 23. Bxb6 Rd7 24. exd5 e4 25. Re1 Qe5 26. Rxe4 Qxf5 27. Re3 Qg5+
28. Kf2 Qh4+ 29. Kg2 Qg5+ 30. Kf2 Qh4+ 31. Kg2 Qg5+ 32. Kh1 h5 33. Qd1 Rcd8 34.
Qg1 Rxd5 35. Nxd5 Rxd5 36. Qxg5 1-0

[Event "SR 3. liga A2 2018/2019"]
[Site "?"]
[Date "2018.11.25"]
[Round "4.4"]
[White "Kir, Kvetoslav"]
[Black "Viczencz, Peter"]
[Result "0-1"]
[WhiteElo "1800"]
[BlackElo "2003"]
[PlyCount "104"]
[EventDate "2018.??.??"]

1. d4 c5 2. d5 e6 3. c4 exd5 4. cxd5 d6 5. Nc3 Nf6 6. e4 a6 7. a4 g6 8. Nf3 Bg7
9. Be2 O-O 10. O-O Re8 11. Qc2 Qc7 12. b3 Nxe4 13. Nxe4 Bf5 14. Ra2 Bxe4 15.
Qd1 Nd7 16. Ng5 Nb6 17. a5 Nd7 18. Be3 h6 19. Nxe4 Rxe4 20. Bd3 Re5 21. Bc4
Rae8 22. Qd2 Kh7 23. Bf4 R5e7 24. h4 Ne5 25. Bxe5 Rxe5 26. g3 Re4 27. Qd1 Bc3
28. Qf3 Bb4 29. h5 Kg7 30. Bd3 Rd4 31. Kg2 Qd7 32. Re2 Rxe2 33. Qxe2 Rxd5 34.
hxg6 fxg6 35. Qb2+ Rd4 36. Be2 Kh7 37. Bf3 Bxa5 38. Rh1 Qe7 39. Qc1 Bd2 40. Qc2
b5 41. Rd1 Qg5 42. Qa2 b4 43. Qxa6 Qf6 44. Ra1 Bc3 45. Ra5 h5 46. Rxc5 Rd2 47.
Rc7+ Kh6 48. Qb7 Bd4 49. Rh7+ Kg5 50. Rf7 Rxf2+ 51. Kh1 Qe5 52. Re7 Qxg3 0-1

[Event "SR 3. liga A2 2018/2019"]
[Site "?"]
[Date "2018.11.25"]
[Round "4.4"]
[White "Mezes, Kristof"]
[Black "Tokos, Rastislav"]
[Result "1-0"]
[WhiteElo "1634"]
[BlackElo "1798"]
[PlyCount "47"]
[EventDate "2018.??.??"]

1. d4 d5 2. c4 Nf6 3. Nc3 e6 4. Nf3 Be7 5. e3 Bd7 6. Ne5 O-O 7. Bd3 c6 8. c5
Qc7 9. b4 Be8 10. O-O Nfd7 11. f4 f6 12. Nf3 e5 13. fxe5 fxe5 14. e4 dxe4 15.
Nxe4 Bh5 16. Qb3+ Bf7 17. Bc4 h6 18. Bxf7+ Rxf7 19. Nfg5 Bxg5 20. Qxf7+ Kh7 21.
Bxg5 hxg5 22. Nf6+ Nxf6 23. Qxc7 Nbd7 24. dxe5 1-0

[Event "SR 3. liga A2 2018/2019"]
[Site "?"]
[Date "2018.11.25"]
[Round "4.4"]
[White "Dest, Stanislav"]
[Black "Minarik, Jozef"]
[Result "0-1"]
[WhiteElo "1547"]
[BlackElo "1521"]
[PlyCount "86"]
[EventDate "2018.??.??"]

1. d4 Nf6 2. c4 e6 3. Nc3 Bb4 4. Nf3 O-O 5. e3 d5 6. Bd3 c5 7. O-O dxc4 8. Bxc4
cxd4 9. exd4 Qc7 10. Qb3 Bxc3 11. bxc3 Nc6 12. Bd3 Na5 13. Qc2 b6 14. Bb2 Bb7
15. Qe2 Ng4 16. Bxh7+ Kh8 17. Be4 Bxe4 18. Qxe4 Nf6 19. Qh4+ Kg8 20. Rac1 Nc4
21. Ba1 Rac8 22. Rfe1 b5 23. h3 Qc6 24. Ng5 Qd5 25. Rc2 Qf5 26. Rce2 Nd5 27.
Nf3 Rfe8 28. Ne5 f6 29. Ng4 Na3 30. Qg3 Kf7 31. Rc1 Nf4 32. Re3 Nc2 33. Qf3
Nxe3 34. Qxe3 Nd5 35. Qe2 a6 36. Ne3 Nxe3 37. fxe3 Rc4 38. Rf1 Qg5 39. Rf3 e5
40. Qf2 exd4 41. Rg3 dxe3 42. Qf3 Qc5 43. Qg4 Rxg4 0-1

[Event "SR 3. liga A2 2018/2019"]
[Site "?"]
[Date "2018.11.25"]
[Round "4.5"]
[White "Nemsak, Denis"]
[Black "Puskar, David"]
[Result "1-0"]
[WhiteElo "2007"]
[BlackElo "1830"]
[PlyCount "49"]
[EventDate "2018.??.??"]

1. e4 e6 2. d4 d5 3. exd5 exd5 4. c4 Nf6 5. Bd3 dxc4 6. Bxc4 Be7 7. Ne2 Nc6 8.
O-O O-O 9. Nbc3 Bf5 10. Be3 a6 11. a3 Bd6 12. Ng3 Bg6 13. f4 h6 14. Qf3 Qd7 15.
f5 Bh7 16. Nge4 Be7 17. Rad1 Rad8 18. Nxf6+ Bxf6 19. Nd5 Qd6 20. Qg4 Na5 21.
Ba2 Kh8 22. b4 Nc6 23. Bf4 Qd7 24. Nxf6 gxf6 25. Qh4 1-0